[Event "Vojvodina-chT"]
[Site "Kac"]
[Date "2014.11.08"]
[Round "1"]
[White "Krejic, Igor"]
[Black "Perisic, Radivoj"]
[Result "1/2-1/2"]
[WhiteElo "2213"]
[BlackElo "2323"]
[PlyCount "121"]
[EventDate "2014.11.08"]
[EventType "team-tourn"]
[EventRounds "11"]
[EventCountry "SRB"]
[SourceTitle "EXT 2016"]
[Source "ChessBase"]
[SourceDate "2015.10.08"]
[SourceVersion "1"]
[SourceVersionDate "2015.10.08"]
[SourceQuality "1"]

1. e4 c5 2. c3 g6 3. d4 Bg7 4. Nf3 cxd4 5. cxd4 Nf6 6. e5 Nd5 7. Bc4 Nb6 8. Bb3 d5 9. 0-0 Bg4 10. h3 Bxf3 11. Qxf3 Nc6 12. Be3 Na5 13. Bd2 Nac4 14. Bc3 0-0 15. Bxc4 Nxc4 16. b3 Na5 17. Qd3 a6 18. Nd2 Rc8 19. f4 Qc7 20. Rac1 Nc6 21. b4 Qb6 22. a3 f6 23. Kh1 fxe5 24. dxe5 e6 25. Nb3 Rfe8 26. Nc5 Qc7 27. Bb2 Bf8 28. Nb3 Qd7 29. Nd4 Nxd4 30. Bxd4 Qb5 31. Qxb5 axb5 32. Bc5 Bh6 33. Rcd1 Rc7 34. g4 Bf8 35. Bd4 Ra8 36. Rd3 Rac8 37. Kg2 Rc2+ 38. Rf2 Kf7 39. Rxc2 Rxc2+ 40. Kf3 Rc4 41. Ke3 Be7 42. Rc3 Ke8 43. Kd3 Kd7 44. Rc2 Bd8 45. Be3 Be7 46. Rf2 Re4 47. Rf1 Bd8 48. Bd4 Be7 49. Be3 Bd8 50. Rf3 Be7 51. Bf2 Bd8 52. h4 h5 53. Be3 hxg4 54. Rg3 Bxh4 55. Rxg4 g5 56. Bd2 Rc4 57. Be3 Re4 58. Bd2 Rc4 59. Be3 Re4 60. Bd2 Rc4 61. Be3 1/2-1/2

[Event "Zrenjanin"]
[Site "Zrenjanin"]
[Date "2012.12.04"]
[Round "9"]
[White "Bodiroga, Predrag"]
[Black "Perisic, Radivoj"]
[Result "1-0"]
[WhiteElo "2391"]
[BlackElo "2313"]
[PlyCount "61"]
[EventDate "2012.11.23"]
[EventType "tourn"]
[EventRounds "9"]
[EventCountry "SRB"]
[EventCategory "3"]
[SourceTitle "EXT 2014"]
[Source "ChessBase"]
[SourceDate "2013.11.20"]
[SourceVersion "1"]
[SourceVersionDate "2013.11.20"]
[SourceQuality "1"]

1. d4 Nf6 2. c4 c5 3. d5 e6 4. Nc3 exd5 5. cxd5 g6 6. e4 d6 7. Nf3 Bg7 8. h3 0-0 9. Bd3 a6 10. a4 Nbd7 11. 0-0 b6 12. Bf4 Qc7 13. Bc4 h6 14. Re1 g5 15. Bh2 Rb8 16. e5 dxe5 17. Nxe5 Nxe5 18. Bxe5 Qa7 19. Bxb8 Qxb8 20. Qd3 Nh5 21. Ne2 Rd8 22. Rad1 Bxb2 23. d6 Kg7 24. Ba2 Bf6 25. Qf3 Nf4 26. Nxf4 gxf4 27. Qxf4 Bd7 28. Re3 Bg5 29. Qxf7+ Kh8 30. Re7 Bxe7 31. dxe7 1-0

[Event "Zrenjanin"]
[Site "Zrenjanin"]
[Date "2012.12.02"]
[Round "8"]
[White "Perisic, Radivoj"]
[Black "Levnajic, Pavle"]
[Result "0-1"]
[WhiteElo "2313"]
[BlackElo "2210"]
[PlyCount "148"]
[EventDate "2012.11.23"]
[EventType "tourn"]
[EventRounds "9"]
[EventCountry "SRB"]
[EventCategory "3"]
[SourceTitle "EXT 2014"]
[Source "ChessBase"]
[SourceDate "2013.11.20"]
[SourceVersion "1"]
[SourceVersionDate "2013.11.20"]
[SourceQuality "1"]

1. e4 c5 2. Nf3 e6 3. d4 cxd4 4. Nxd4 Nc6 5. Nc3 Qc7 6. Be2 a6 7. 0-0 Nf6 8. Kh1 Nxd4 9. Qxd4 Bc5 10. Qd3 b5 11. f4 Bb7 12. Bf3 d6 13. e5 dxe5 14. Bxb7 Qxb7 15. fxe5 Nd7 16. Qg3 b4 17. Nd1 Qe4 18. Bf4 0-0 19. c3 Rac8 20. cxb4 Bxb4 21. Nf2 Qg6 22. Rac1 Nb6 23. Qxg6 hxg6 24. Ne4 Nd5 25. Bg5 Be7 26. Bxe7 Nxe7 27. Nd6 Rc6 28. g3 Rb6 29. Nc4 Rb5 30. b3 Rd5 31. Rc2 g5 32. Re1 Ng6 33. Kg2 Rc8 34. Rce2 Rb8 35. Re4 a5 36. R1e2 Rb4 37. Rg4 a4 38. Ne3 Rxg4 39. Nxg4 axb3 40. axb3 Rb5 41. Re3 Kf8 42. Kf2 Ke7 43. Ke2 f5 44. exf6+ gxf6 45. Kd2 f5 46. Nf2 Kf6 47. Kc3 Rb8 48. Nd3 Ne7 49. Re2 Nc6 50. Nc5 Re8 51. Rd2 Ne7 52. Nd7+ Kf7 53. b4 Nd5+ 54. Kc4 Ke7 55. Ne5 Rc8+ 56. Kb3 f4 57. Rd3 Kf6 58. Nd7+ Kf5 59. Nc5 Rb8 60. Rd4 Rh8 61. g4+ Kxg4 62. Nxe6 Rh3+ 63. Kc4 Ne3+ 64. Kc5 Rxh2 65. b5 Kf5 66. Rd6 Rc2+ 67. Kb4 Ke5 68. Ra6 g4 69. Ng7 g3 70. Re6+ Kd5 71. Rg6 g2 72. Nh5 f3 73. Nf4+ Ke4 74. Nh3 f2 0-1

[Event "Zrenjanin"]
[Site "Zrenjanin"]
[Date "2012.12.01"]
[Round "7"]
[White "Ilincic, Zlatko"]
[Black "Perisic, Radivoj"]
[Result "1/2-1/2"]
[WhiteElo "2437"]
[BlackElo "2313"]
[PlyCount "27"]
[EventDate "2012.11.23"]
[EventType "tourn"]
[EventRounds "9"]
[EventCountry "SRB"]
[EventCategory "3"]
[SourceTitle "EXT 2014"]
[Source "ChessBase"]
[SourceDate "2013.11.20"]
[SourceVersion "1"]
[SourceVersionDate "2013.11.20"]
[SourceQuality "1"]

1. d4 d5 2. c4 e6 3. Nf3 Be7 4. g3 Nf6 5. Bg2 0-0 6. 0-0 b6 7. Qc2 Bb7 8. Rd1 dxc4 9. Qxc4 Nbd7 10. Nc3 Qc8 11. Bg5 h6 12. Bxf6 Nxf6 13. Rac1 c5 14. dxc5 1/2-1/2

[Event "Zrenjanin"]
[Site "Zrenjanin"]
[Date "2012.11.25"]
[Round "3"]
[White "Perisic, Radivoj"]
[Black "Vajdic, Nikola"]
[Result "1-0"]
[WhiteElo "2313"]
[BlackElo "2287"]
[PlyCount "93"]
[EventDate "2012.11.23"]
[EventType "tourn"]
[EventRounds "9"]
[EventCountry "SRB"]
[EventCategory "3"]
[SourceTitle "EXT 2014"]
[Source "ChessBase"]
[SourceDate "2013.11.20"]
[SourceVersion "1"]
[SourceVersionDate "2013.11.20"]
[SourceQuality "1"]

1. e4 c5 2. Nf3 Nc6 3. d4 cxd4 4. Nxd4 Nf6 5. Nc3 e5 6. Ndb5 d6 7. Bg5 a6 8. Bxf6 gxf6 9. Na3 b5 10. Nd5 Bg7 11. c3 f5 12. exf5 Bxf5 13. Nc2 0-0 14. Nce3 Be6 15. g3 f5 16. Bh3 Ra7 17. 0-0 Ne7 18. a4 Nxd5 19. Nxd5 bxa4 20. Rxa4 Qd7 21. Bg2 Qf7 22. Rb4 a5 23. Rb6 Rd8 24. Re1 Kh8 25. Qd2 Rb7 26. Ra6 Rb5 27. c4 Rc5 28. b3 Rb8 29. Rxd6 Bxd5 30. Bxd5 Qc7 31. Be6 e4 32. Rd1 Rf8 33. Qg5 f4 34. Qg4 e3 35. gxf4 exf2+ 36. Kf1 Qe7 37. Rd7 Qf6 38. Bd5 Rcc8 39. f5 Qh6 40. Be6 Rb8 41. R1d3 Qc1+ 42. Kxf2 Qb2+ 43. Rd2 Qe5 44. Qg3 Qa1 45. c5 Bh6 46. Rxh7+ Kxh7 47. Qg6+ 1-0

[Event "Zrenjanin"]
[Site "Zrenjanin"]
[Date "2011.07.15"]
[Round "7"]
[White "Vukic, Radivoje"]
[Black "Perisic, Radivoj"]
[Result "1-0"]
[WhiteElo "2333"]
[BlackElo "2312"]
[PlyCount "125"]
[EventDate "2011.07.08"]
[EventType "tourn"]
[EventRounds "9"]
[EventCountry "SRB"]
[SourceTitle "EXT 2013"]
[Source "ChessBase"]
[SourceDate "2012.11.22"]
[SourceVersion "1"]
[SourceVersionDate "2012.11.22"]
[SourceQuality "1"]

1. d4 Nf6 2. c4 e6 3. g3 Bb4+ 4. Bd2 a5 5. Bxb4 axb4 6. Bg2 0-0 7. Qd3 Qe7 8. Nd2 d6 9. e4 e5 10. d5 Na6 11. Ne2 Nc5 12. Qc2 Bg4 13. f3 Bd7 14. 0-0 Ne8 15. a3 bxa3 16. b4 Na6 17. Qb3 c5 18. dxc6 bxc6 19. Rxa3 Nec7 20. Rfa1 Rfb8 21. Ra4 h5 22. R1a3 Rb6 23. Qa2 Rab8 24. Rxa6 Nxa6 25. Rxa6 Rxb4 26. Ra8 Qd8 27. Rxb8 Qxb8 28. Qa5 Be6 29. Bf1 Bxc4 30. Nd4 exd4 31. Nxc4 Rb5 32. Qa6 d5 33. exd5 cxd5 34. Ne5 Rb1 35. f4 Qe8 36. Qd3 Rb4 37. Qf3 Qe6 38. Qa3 Rb1 39. Kg2 Rb8 40. Qd3 Rb2+ 41. Kg1 g6 42. Bg2 Rb4 43. h4 Kg7 44. Kh2 Qd6 45. Nf3 Qc5 46. Qe2 Qd6 47. Ne5 Rb8 48. Qa2 d3 49. Nxd3 Rd8 50. Ne5 Qe6 51. Qa5 Rd6 52. Qc7 d4 53. Nxf7 Rd7 54. Ng5 Qe7 55. Qc6 d3 56. Ne4 Rc7 57. Qd5 Rd7 58. Qc4 Kh6 59. Qc3 Qg7 60. Nf6 d2 61. g4 Qxf6 62. Qxf6 Kh7 63. Bf3 1-0